01359nam a2200325Ia 4500001001200000003000800012006001900020007001500039008004100054020001500095020001500110040002100125035002100146050002500167082001700192245013100209260007100340300002400411533015200435650005900587650004100646650002700687655002900714700002300743710005500766710001700821830005200838856012600890999001701016ebr10137740CaPaEBRm u cr cn|||||||||990108s1999 onca sf f000 0 eng d z1552500438 z0889368708 aCaPaEBRcCaPaEBR a(OCoLC)56017747114aHD58.9b.E543 1999eb04a658.4/0222100aEnhancing organizational performanceh[electronic resource] :ba toolbox for self-assessment /cCharles Lusthaus ... [et al.]. aOttawa, Ont. :bInternational Development Research Centre,cc1999. axiv, 129 p. :bill. aElectronic reproduction.bPalo Alto, Calif. :cebrary,d2009.nAvailable via World Wide Web.nAccess may be limited to ebrary affiliated libraries. 0aOrganizational effectivenessvHandbooks, manuals, etc. 0aOrganizational behaviorxEvaluation. 0aOrganizational change. 7aElectronic books.2local1 aLusthaus, Charles.2 aInternational Development Research Centre (Canada)2 aebrary, Inc. 0aCanadian electronic library.pBooks collection.40uhttp://site.ebrary.com/lib/rucke/Doc?id=10137740zAn electronic book accessible through the World Wide Web; click to view c83483d83483